Library Banner

Leadership transitions in universities : (Record no. 140069)

MARC details
000 -LEADER
fixed length control field 00555nam a22001697a 4500
005 - DATE AND TIME OF LATEST TRANSACTION
control field 20260311102637.0
008 - FIXED-LENGTH DATA ELEMENTS--GENERAL INFORMATION
fixed length control field 260311b |||||||| |||| 00| 0 eng d
020 ## - INTERNATIONAL STANDARD BOOK NUMBER
International Standard Book Number 9780367353858 (pbk)
040 ## - CATALOGING SOURCE
Transcribing agency PK-LaUMT
082 ## - DEWEY DECIMAL CLASSIFICATION NUMBER
Classification number 378.101
Item number KEN-L
100 ## - MAIN ENTRY--PERSONAL NAME
Personal name Kennie, Tom
245 ## - TITLE STATEMENT
Title Leadership transitions in universities :
Remainder of title arriving, surviving and thriving at the top /
Statement of responsibility, etc by Tom Kennie and Robin Middlehurst
260 ## - PUBLICATION, DISTRIBUTION, ETC. (IMPRINT)
Place of publication, distribution, etc London :
Name of publisher, distributor, etc Routledge,
Date of publication, distribution, etc 2021
300 ## - PHYSICAL DESCRIPTION
Extent 344 p.
650 ## - SUBJECT ADDED ENTRY--TOPICAL TERM
Topical term or geographic name as entry element Universities and colleges-Administration
942 ## - ADDED ENTRY ELEMENTS (KOHA)
Koha item type Books
Holdings
Withdrawn status Lost status Damaged status Home library Current library Date acquired Full call number Barcode Date last seen Price effective from Koha item type
      UMT Main Campus UMT Main Campus 2026-03-11 378.101 KEN-L 151758 2026-03-11 2026-03-11 Books